000 00683cam a22002293a 4500
001 16070
003 PGUSA
005 20140828083338.0
008 050615s2005||||xxu|||||s|||||000 | eng d
040 _aPGUSA
_beng
042 _adc
050 4 _aDB
100 1 _aAbbott, John S. C.
_q(John Stevens Cabot),
_d1805-1877
245 1 4 _aThe Empire of Austria; Its Rise and Present Power
_h[electronic resource] /
_cJohn S. C. Abbott
260 _bProject Gutenberg,
_c2005
506 _aPublic domain in the USA.
516 _aElectronic text
653 _aAustria -- History
830 0 _aProject Gutenberg
_v16070
856 4 0 _uhttp://www.gutenberg.org/ebooks/16070
942 _cEB
999 _c245325
_d245325